000 00574nam a2200193 a 4500
001 9314
003 CO-ViMGA
008 141112s2004 ck r 000 u spa d
020 _a9586901637
040 _aCO-ViMGA
_bspa
_cCO-ViMGA
082 0 4 _a347.05 H493
100 1 _aHenao Carrasquillo, Oscar Eduardo
_910064
245 1 0 _aCódigo de procedimiento civil :
_bcomentado.
250 _a10
260 _aSantafé de Bogotá :
_bLeyer,
_c1999
300 _a2263p.
650 1 4 _aORGANOS JUDICIALES, COMPETENCIA FUNCIONAL, JUECES CIVILES, INCIDENTES.
_910065
942 _2ddc
_cBK
999 _c20846
_d20846